Lenguaje y dislexias: enfoque cognitivo del retardo lector

-д хадгалсан:
Номзүйн дэлгэрэнгүй
Үндсэн зохиолч: Bravo Valdivieso, Luis (Зохиогч)
Формат: Ном
Хэл сонгох:испани
Хэвлэсэн: Santiago Ediciones Universidad Católica de Chile 1997
Хэвлэл:2a. ed
Цуврал:Colección Aprendizaje
Нөхцлүүд:
Шошгууд: Шошго нэмэх
Шошго байхгүй, Энэхүү баримтыг шошголох эхний хүн болох!

MARC

LEADER 00000nam a2200000 a 4500
001 UCP3581
003 CL-VaPUC
008 990625e19970000CL |||||||||||||||||spa|d
020 |a 9561408252 
082 0 4 |a 371.914  |b BRA  |2 21 
100 0 |a Bravo Valdivieso, Luis  |e author  |9 430928 
245 1 0 |a Lenguaje y dislexias: enfoque cognitivo del retardo lector 
250 |a 2a. ed 
300 |a 208 p 
942 |c BK 
945 |d 19990625 00:00:00  |a rbrito 
260 |a Santiago  |b Ediciones Universidad Católica de Chile  |c 1997 
650 0 |a Dislexia  |9 307487 
650 7 |a TRASTORNO DEL HABLA  |2 CL-VaPUC  |9 322733 
650 0 |a Cognición   |9 270347 
650 7 |a NIÑOS IMPEDIDOS  |2 CL-VaPUC  |9 309741 
650 0 |a Psicología del aprendizaje  |9 306854 
583 |a last modification  |c 19990625 00:00:00  |k Rodrigo Vera 
490 0 |a Colección Aprendizaje 
999 |c 281848  |d 281846 
952 |0 0  |1 0  |4 0  |6 371_914000000000000_BRA_1997  |7 0  |8 R  |9 322888  |a BIBEDU  |b BIBEDU  |d 2019-11-20  |i 3528820  |o 371.914 BRA 1997  |p 3528820  |r 2023-01-13  |w 2019-11-20  |y BK_R  |k EPE 
952 |0 0  |1 0  |4 0  |6 371_914000000000000_BRA_1997  |7 0  |8 R  |9 322889  |a BIBEDU  |b BIBEDU  |c MCIRC  |d 2019-11-20  |i 3528839  |o 371.914 BRA 1997  |p 3528839  |r 2023-01-13  |w 2019-11-20  |y BK_R  |k EPE 
952 |0 0  |1 0  |4 0  |6 371_914000000000000_BRA_1997  |7 0  |8 R  |9 322890  |a BIBEDU  |b BIBEDU  |d 2019-11-20  |i 3528847  |o 371.914 BRA 1997  |p 3528847  |r 2023-01-13  |w 2019-11-20  |y BK_R  |k EPE 
952 |0 0  |1 0  |4 0  |6 371_914000000000000_BRA_1997  |7 0  |8 R  |9 322891  |a BIBEDU  |b BIBEDU  |d 2019-11-20  |i 3637026  |o 371.914 BRA 1997  |p 3637026  |r 2023-01-13  |w 2019-11-20  |y BK_R  |k EPE